Análisis y evaluación de las competencias genéricas en la formación inicial del profesorado (Record no. 201854)

MARC details
000 -CABECERA
campo de control de longitud fija 01928cab a2200265 a 4500
005 - FECHA Y HORA DE LA ÚLTIMA TRANSACCIÓN
campo de control 20260415064239.0
008 - ELEMENTOS DE LONGITUD FIJA--INFORMACIÓN GENERAL
campo de control de longitud fija 991125c2018 cl ar p o 000 0 spa d
035 ## - NÚMERO DE CONTROL DEL SISTEMA
Número de control de sistema UPN01000229759
040 ## - FUENTE DE LA CATALOGACIÓN
Centro catalogador/agencia de origen MX-MxUPN
Lengua de catalogación spa
Centro/agencia transcriptor MX-MxUPN
Normas de descripción aacr2
049 ## - COLECCIÓN
Colección ART-E
100 1# - ASIENTO PRINCIPAL--NOMBRE PERSONAL
Nombre de persona Amor Almedina, María Isabel
Enlace - m.amor@uco.es
100 1# - ASIENTO PRINCIPAL--NOMBRE PERSONAL
Nombre de persona Serrano Rodríguez, Rocío
245 10 - MENCIÓN DE TÍTULO
Título Análisis y evaluación de las competencias genéricas en la formación inicial del profesorado
Medio [recurso electrónico en línea]
506 0# - NOTA DE RESTRICCIONES AL ACCESO
Limitaciones de acceso Acceso abierto
520 3# - NOTA DE RESUMEN, ETC.
Sumario, etc. El propósito de este estudio es evaluar el nivel de desarrollo de las competencias genéricas en los grados universitarios. La muestra se formó de 1243 estudiantes, 491 graduados y 351 profesores de 23 universidades españolas. Los análisis estadísticos empleados han sido los siguientes: Análisis Factorial de Confirmación (CFA) de la escala para comprobar la estructura factorial del instrumento y análisis descriptivos básicos, para conocer cuáles son los grupos de competencias más desarrolladas en cada uno de los grupos que conforman la muestra. Posteriormente, se realizan análisis de varianza para conocer las diferencias entre los grupos. Los resultados muestran que existen diferencias significativas entre los tres grupos, pero, en general, la competencia para trabajar en equipo es la mejor percibida por todos los participantes, en contraposición a la capacidad de comunicación en un idioma y la competencia tecnológica.
650 #4 - ASIENTO SECUNDARIO DE MATERIA - TERMINO TEMATICO
Término de materia o nombre geográfico como elemento de entrada Educación superior
9 (RLIN) 32
650 #4 - ASIENTO SECUNDARIO DE MATERIA - TERMINO TEMATICO
Término de materia o nombre geográfico como elemento de entrada Evaluación educativa
9 (RLIN) 4298
653 0# - TERMINO DE INDIZACION - NO CONTROLADO
Término no controlado Formación inicial docente
653 0# - TERMINO DE INDIZACION - NO CONTROLADO
Término no controlado Competencias genéricas
773 ## - ENLACE AL DOCUMENTO FUENTE/ENTRADA DE REGISTRO ANFITRIÓN
Parte(s) relacionada(s) Vol. 44, no. 2 (2018), p. 9-19
Título Estudios pedagógicos
Número Internacional Normalizado para Publicaciones Seriadas 0718-0705
856 40 - LOCALIZACIÓN Y ACCESO ELECTRÓNICOS
Identificador Uniforme del Recurso <a href="https://scielo.conicyt.cl/pdf/estped/v44n2/0718-0705-estped-44-02-00009.pdf">https://scielo.conicyt.cl/pdf/estped/v44n2/0718-0705-estped-44-02-00009.pdf</a>
902 ## - ELEMENTOS DE DATOS B LOCAL, LDB (RLIN)
Creó Gloria Jiménez
Modificó Gloria Jiménez/280323
905 ## - TIPO DE MATERIAL
Tipo de material Articulo
942 ## - ELEMENTOS DE PUNTO DE ACCESO ADICIONAL (KOHA)
Tipo de ítem Koha Artículo Electrónico
Holdings
Estado de retiro Estado de pérdida Estado dañado No para préstamo Código de colección Localización permanente Ubicación/localización actual Ubicación en estantería Fecha de adquisición Total de préstamos Fecha visto por última vez Identificador Uniforme del Recurso Precio válido a partir de Tipo de ítem Koha
        Acceso abierto Bib. Gregorio Torres Quintero Bib. Gregorio Torres Quintero En línea 28/03/2023   28/03/2023 https://scielo.conicyt.cl/pdf/estped/v44n2/0718-0705-estped-44-02-00009.pdf 28/03/2023 Artículo Electrónico